<The> Politics of income redistribution factional strife and vote mobilization under thatcher

Na minha lista:
Detalhes bibliográficos
Autor principal: Mulé, Rosa
Formato: Livro
Idioma:inglês
Publicado em: San Domenico (FI) European University Institute 1999
Colecção:EUI Working Paper EUF No. 99/10
Assuntos:
Tags: Adicionar Tag
Sem tags, seja o primeiro a adicionar uma tag!

MARC

LEADER 00000nam a2200000 4500
001 c131982
005 20221108123959.6
041 0 |a eng 
044 |a IT 
245 1 0 |a <The> Politics of income redistribution  |b factional strife and vote mobilization under thatcher  |c Rosa Mulé 
264 1 |a San Domenico (FI)  |b European University Institute  |c 1999 
300 |a 29 s. 
490 1 |a EUI Working Paper EUF  |v No. 99/10 
830 0 |a EUI Working Paper EUF  |v No. 99/10 
610 2 0 |a prerozdeľovanie zdrojov finančných 
610 2 0 |a dôchodok národný 
610 2 0 |a porovnanie medzinárodné 
100 1 |a Mulé, Rosa